Embriología básica de Patten / (Registro nro. 927)
[ vista simple ]
| 000 -LEADER | |
|---|---|
| fixed length control field | 00568nam a2200181 a 4500 |
| 008 - CAMPO DE CONTROL (LIBRO) | |
| fixed length control field | 110907s1995 mx a f |||| 001 0 spa d |
| 020 ## - INTERNATIONAL STANDARD BOOK NUMBER | |
| ISBN | 9682514592 |
| 041 ## - CODIGO DE IDIOMA | |
| Código de idioma del texto/pista de sonido o título separado | spa |
| 092 ## - SIGNATURA TOPOGRAFICA DEWEY LOCAL | |
| número de clasificación | 574.3 |
| libristica | 10 |
| sección | CAR |
| 100 1# - ENTRADA PRINCIPAL--NOMBRE PERSONAL | |
| Nombre personal | Carlson, Bruce M. |
| 9 (RLIN) | 132 |
| 245 ## - TITULO PROPIAMENTE DICHO | |
| Título | Embriología básica de Patten / |
| Mención de responsabilidad y remanente de la transcripción de la portada | Bruce M. Carlson |
| 250 ## - MENCION DE EDICION | |
| Mención de edición | 5a ed. |
| 260 ## - PIE DE IMPRENTA | |
| Lugar de publicación, distribución, etc | México: |
| Nombre de la editorial, distribuidor, etc | McGraw-Hill Interamericana; |
| Fecha de publicación | 1995. |
| 300 ## - DESCRIPCION FISICA | |
| Extension | 320 p. |
| 500 ## - NOTA GENERAL | |
| Nota general | Carlson, B. M. (1995). Embriología básica de Patten. (5a ed.). México : McGraw-Hill Interamericana.<br/> |
| 653 ## - TÉRMINO INDIZADO - PALABRAS CLAVES | |
| Palabra clave | Embiología |
| 942 ## - ADDED ENTRY ELEMENTS (KOHA) | |
| Source of classification or shelving scheme | Dewey Decimal Classification |
| Item type | Libros |
| Estado de retiro | Existencia | Fuente de clasificación | Estado general | No para prestamo | Colección | Ubicación permanente | ubicación actual | Sala de ubicación | Fecha de adquisición | Total Checkouts | Total Renewals | Número de clasificación | Código de barras | Checked out | Date last seen | Date last borrowed | Número de ejemplar | Price effective from | Koha tipo de elemento (item) | Public note |
|---|---|---|---|---|---|---|---|---|---|---|---|---|---|---|---|---|---|---|---|---|
| Dewey Decimal Classification | Reference | Biblioteca Medicina | Biblioteca Medicina | Referencia | 07/09/2011 | 1 | 14 | 574.3 10 CAR | 300 | 01/03/2029 | 06/11/2014 | 16/09/2011 | ej.1 | 07/09/2011 | Reference | LIBRO DE CATEDRA |